Z dejín kníhtlače v Báčskom Petrovci

Guardado en:
Detalles Bibliográficos
Autor principal: Janas, Karol
Otros Autores: Kucharčík, Rudolf, 1977-
Formato: Capítulo de libro
Lenguaje:eslovaco
inglés
Etiquetas: Agregar Etiqueta
Sin Etiquetas, Sea el primero en etiquetar este registro!

MARC

LEADER 00000naa$a2200000$$$4500
001 0262475
005 20240502083753.9
041 0 |a slo 
041 0 |a eng 
044 |a RS 
245 1 0 |a Z dejín kníhtlače v Báčskom Petrovci  |c Karol Janas, Rudolf Kucharčík 
500 |a Abstrakt 
100 1 |a Janas, Karol 
700 1 |a Kucharčík, Rudolf, 1977-